000 00351nam a2200157Ia 4500
008 221030s9999 xx 000 0 und d
020 _a812032434X
041 _aEnglish
082 _a105.23
100 _aNIIT
245 0 _aCharacter An Motion An Overview
260 _bPHI
_aNew Delhi
_c2004
300 _a248
650 _aComputers
942 _cBK
999 _c8729
_d8729